Name the Year by Current Events - Statistics

General Stats
  • This quiz has been taken 120 times
  • The average score is 12 of 16
Answer Stats
Current Event Year % Correct
The 9/11 attack on the Twin Towers 2001
98%
The atomic bomb is dropped on Hiroshima 1945
94%
Germany invades Poland, sparking the beginning of World War II 1939
92%
The Great Depression started 1929
89%
The Berlin Wall falls 1989
89%
The Titanic hit and iceberg and sank 1912
88%
Archduke Franz Ferdinand and his wife Sophie in Sarajevo lead tothe outbreak of the First World War 1914
88%
The United Kingdom officially leaves the European Union 2020
81%
Rosa Parks refuses to give up her seat on a bus to a white passenger 1955
73%
Martin Luther King Jr. delivers his "I Have a Dream" speech 1963
72%
The first U.S. soldiers are killed in South Vietnam when guerrillas raid their living quarters near Saigon 1959
69%
Women gain the right to vote in the US 1920
65%
Nelson Mandela is inaugurated as South Africa's first black president 1994
64%
The Civil Rights Act is passed 1964
62%
The Syrian Civil War begins 2011
61%
The US rover, Curiosity lands on Mars 2012
54%
No matching quizzes found
Score Distribution
Percent of People with Each Score
Percentile by Number Answered
Your Score History
You have not taken this quiz